000 00635nam a2200241Ia 4500
003 OSt
005 20221007082512.0
006 a|||||r|||| 00| 0
007 ta
008 221006b |||||||| |||| 00| 0 eng d
024 _a26,320
037 _cReports / Technical Reports
040 _aFLL
_cFLL
_beng
041 _2eng
_aeng
082 _aX7:8F.2.N80t,p, M3.66
110 _aGovt. of India
245 0 _aPublic accounts committee
260 _c1983
300 _av,200p
_ccm.
700 _aGovt. of India
942 _hX7:8F.2.N80t,p, M3.66
_cREP
_2CC
999 _c1166644
_d1166644